| 000 | 00421nam a2200169Ia 4500 | ||
|---|---|---|---|
| 008 | 231217s9999 xx 000 0 und d | ||
| 041 | _aEnglish | ||
| 082 | _a621.319 STE | ||
| 100 | _aStevenson, William D. | ||
| 245 | 0 | _aElements of power system analysis | |
| 250 | _a4th ed. | ||
| 260 |
_c1989 _bMcGraw-Hill, |
||
| 300 | _axii+436 | ||
| 500 | _aContent page available | ||
| 650 | _aPower system | ||
| 942 | _cAA | ||
| 999 |
_c161314 _d161314 |
||